| 000 | 00655cam a22002291 4500 | ||
|---|---|---|---|
| 001 | hew64000063 | ||
| 003 | DLC | ||
| 005 | 20260227111513.0 | ||
| 008 | 670319s1964 xx 000 0 eng | ||
| 010 | _ahew64000063 | ||
| 035 | _a(OCoLC)392043 | ||
| 040 |
_aDLC _cDNLM _dNhD _dMdU-H _dDLC |
||
| 042 | _apremarc | ||
| 050 | 0 | 0 |
_aZ7164.C5 _bM7 |
| 060 | 0 | 0 |
_aW1 _bUN6181 no.410 1964 |
| 100 | 1 | _aMorlock, Maud. | |
| 245 | 1 | 0 | _aHomemaker services; history and bibliography. |
| 260 |
_aWashington, _c1964. |
||
| 300 | _avi, 116 p. | ||
| 410 | 1 | 0 |
_aUnited States. _bChildren's Bureau. _tPublication ; _vno. 410 |
| 650 | 0 |
_aVisiting housekeepers _vBibliography. |
|
| 999 |
_c34476 _d34476 |
||